[Event "Rated Blitz game"]
[Site "?"]
[Date "2021.06.08"]
[Round "?"]
[White "H-HH"]
[Black "jflup"]
[Result "0-1"]
[WhiteElo "2454"]
[BlackElo "2466"]
[PlyCount "70"]
[EventDate "2021.??.??"]
[EventType "blitz"]

1. e4 e5 2. Nf3 d5 3. exd5 e4 4. Qe2 Nf6 5. Nc3 Be7 6. Nxe4 Nxd5 7. d3 O-O 8.
Qd1 Re8 9. Be2 f5 10. Nc3 Nxc3 11. bxc3 Bf6 12. Bd2 Qe7 13. Rb1 b6 14. Kf1 c5
15. c4 Bb7 16. Be3 Nc6 17. Qd2 Rad8 18. Re1 Qd7 19. Bg5 Bxg5 20. Qxg5 Nb4 21.
Qd2 Bxf3 22. Bxf3 Rxe1+ 23. Kxe1 Qd4 24. Kf1 Qa1+ 25. Qd1 Qxa2 26. h4 a5 27.
Rh3 a4 28. Bd5+ Kh8 29. Re3 a3 30. Qh5 Qb1+ 31. Ke2 Qxc2+ 32. Kf3 Qd1+ 33. Re2
Nxd5 34. cxd5 a2 35. Qg5 Re8 {Normal} 0-1

[Event "Rated Blitz game"]
[Site "?"]
[Date "2021.06.08"]
[Round "?"]
[White "hackeraxel"]
[Black "liaqat321"]
[Result "0-1"]
[WhiteElo "2480"]
[BlackElo "2370"]
[PlyCount "44"]
[EventDate "2021.??.??"]
[EventType "blitz"]

1. e4 e5 2. Nf3 d5 3. exd5 e4 4. Qe2 Nf6 5. Nc3 Be7 6. Nxe4 Nxd5 7. d3 O-O 8.
Bd2 Re8 9. O-O-O f5 10. Nc3 Nxc3 11. Bxc3 Bg5+ 12. Nxg5 Rxe2 13. Bxe2 Qxg5+ 14.
Kb1 Nc6 15. Bf3 Be6 16. Rhe1 Bf7 17. d4 Re8 18. d5 Nd8 19. Rxe8+ Bxe8 20. d6
cxd6 21. Rxd6 Qe7 22. Rd1 Bc6 {Normal} 0-1

[Event "Rated Blitz game"]
[Site "?"]
[Date "2021.06.08"]
[Round "?"]
[White "pupilo29"]
[Black "blastol"]
[Result "1-0"]
[WhiteElo "2413"]
[BlackElo "2434"]
[PlyCount "41"]
[EventDate "2021.??.??"]
[EventType "blitz"]

1. e4 e5 2. Nf3 d5 3. exd5 Bd6 4. d3 f5 5. Bg5 Nf6 6. Be2 O-O 7. Nbd2 Qe8 8.
O-O Nxd5 9. c4 Nf6 10. Re1 Nc6 11. Bf1 Qg6 12. Qb3 Kh8 13. g3 e4 14. Bxf6 exf3
15. Bc3 f4 16. Ne4 Bf5 17. Nxd6 cxd6 18. Qxb7 Rac8 19. d4 Rf7 20. Qxc8+ Bxc8
21. Re8+ {Normal} 1-0

[Event "Rated Blitz game"]
[Site "?"]
[Date "2021.06.08"]
[Round "?"]
[White "Carlseng"]
[Black "pasha1984"]
[Result "0-1"]
[WhiteElo "2408"]
[BlackElo "2382"]
[PlyCount "70"]
[EventDate "2021.??.??"]
[EventType "blitz"]

1. e4 e5 2. Nf3 d5 3. exd5 e4 4. Qe2 Nf6 5. d3 Qxd5 6. dxe4 Qxe4 7. Nc3 Bb4 8.
Bd2 Bxc3 9. Bxc3 Qxe2+ 10. Bxe2 Ne4 11. Bxg7 Rg8 12. Be5 Nc6 13. Bxc7 Bf5 14.
Bd3 Rc8 15. Bg3 Nb4 16. O-O-O Nxg3 17. hxg3 Nxd3+ 18. Kb1 Nxf2 19. Rde1+ Kf8
20. Rhf1 Bxc2+ 21. Ka1 Nd3 22. Re3 Rxg3 23. a3 Re8 24. Rxe8+ Kxe8 25. Nd4 Rxg2
26. Nf5 Nxb2 27. Ne3 Rh2 28. Ng4 Re2 29. Nf6+ Kd8 30. Nxh7 Bxh7 31. Rxf7 Bd3
32. Rxb7 Na4 33. Rb4 Nc3 34. Rd4+ Ke7 35. Rxd3 Ra2# {Normal} 0-1

[Event "Rated Rapid game"]
[Site "?"]
[Date "2021.06.08"]
[Round "?"]
[White "Kayrosas"]
[Black "DarthZannah"]
[Result "0-1"]
[WhiteElo "2466"]
[BlackElo "2575"]
[PlyCount "74"]
[EventDate "2021.??.??"]
[EventType "rapid"]

1. e4 e5 2. Nf3 d5 3. exd5 e4 4. Qe2 Nf6 5. Nc3 Be7 6. Nxe4 O-O 7. Nxf6+ Bxf6
8. Qc4 Re8+ 9. Be2 b6 10. d3 Bb7 11. Be3 Bxb2 12. Rb1 Bxd5 13. Qb4 Bf6 14. O-O
Bxa2 15. Rbd1 Bd5 16. c4 Bb7 17. d4 a5 18. Qb1 Na6 19. d5 Nb4 20. Nd4 Qe7 21.
Nf5 Qe4 22. Bf3 Qxc4 23. Rc1 Qa6 24. Rxc7 Bxd5 25. Rd1 Bxf3 26. gxf3 Rad8 27.
Rxd8 Rxd8 28. Qb3 Rf8 29. Nd6 Qd3 30. Qxd3 Nxd3 31. Bxb6 a4 32. Ra7 Nb2 33. Ne4
Be5 34. Bc5 Rd8 35. Ng5 Nd3 36. Be3 Nf4 37. Rxa4 Rd1# {Normal} 0-1

[Event "Rated Blitz tournament kuuxKuGp"]
[Site "?"]
[Date "2021.06.08"]
[Round "?"]
[White "victorino95318"]
[Black "InvisibleKoT"]
[Result "1-0"]
[WhiteElo "2210"]
[BlackElo "2587"]
[PlyCount "61"]
[EventDate "2021.??.??"]
[EventType "blitz"]

1. e4 e5 2. Nf3 d5 3. exd5 e4 4. Nd4 Qxd5 5. c3 Nf6 6. d3 Bd6 7. dxe4 Nxe4 8.
Qe2 O-O 9. Be3 Re8 10. Nd2 Nxd2 11. Qxd2 Nc6 12. Bb5 Qxg2 13. O-O-O Bd7 14.
Rhg1 Qxh2 15. Rh1 Qe5 16. Rdg1 g6 17. Nxc6 Bxc6 18. Bxc6 bxc6 19. Bd4 Qf4 20.
Be3 Qe5 21. Bd4 Qf5 22. Rxh7 f6 23. Rgh1 Bf4 24. Be3 Rad8 25. Rh8+ Kf7 26.
R1h7+ Ke6 27. Rxe8+ Rxe8 28. Qd7+ Ke5 29. Qxe8+ Kd5 30. Qd7+ Kc4 31. Qxf5 {
Normal} 1-0

[Event "Rated Blitz game"]
[Site "?"]
[Date "2021.06.08"]
[Round "?"]
[White "emilionov"]
[Black "blastol"]
[Result "1/2-1/2"]
[WhiteElo "2381"]
[BlackElo "2423"]
[PlyCount "116"]
[EventDate "2021.??.??"]
[EventType "blitz"]

1. e4 e5 2. Nf3 d5 3. Nxe5 Bd6 4. d4 dxe4 5. Nc4 Nf6 6. Nc3 h6 7. Nxd6+ Qxd6 8.
Be3 O-O 9. Be2 a6 10. a4 Nc6 11. O-O Bd7 12. Qd2 Rae8 13. Rad1 Nd5 14. Nxd5
Qxd5 15. c4 Qf5 16. d5 Ne5 17. h3 Qg6 18. Kh2 f5 19. Bf4 Qf6 20. b3 g5 21. Bxe5
Qxe5+ 22. Kh1 f4 23. Bg4 Bxg4 24. hxg4 e3 25. Qc2 Qe4 26. Qxe4 Rxe4 27. fxe3
fxe3 28. Rf3 e2 29. Re1 Rff4 30. Kg1 Rxg4 31. Kf2 Kg7 32. g3 h5 33. Rxe2 h4 34.
Rfe3 hxg3+ 35. Kg2 Rxe3 36. Rxe3 Kf6 37. Rxg3 Re4 38. Rd3 g4 39. c5 Re7 40. Kg3
Kf5 41. d6 Rd7 42. Rd5+ Ke4 43. dxc7 Rxc7 44. Rg5 Kd4 45. Rxg4+ Kxc5 46. b4+
Kb6 47. Rd4 Rc3+ 48. Kf4 Kc6 49. Ke4 b5 50. a5 Rc1 51. Ke5 Re1+ 52. Re4 Rb1 53.
Rd4 Re1+ 54. Kf4 Re2 55. Kf3 Rb2 56. Kf4 Re2 57. Kf3 Re1 58. Kf4 Re2 {Normal}
1/2-1/2

[Event "Rated Blitz game"]
[Site "?"]
[Date "2021.06.08"]
[Round "?"]
[White "davidcm92"]
[Black "durdy1961"]
[Result "1-0"]
[WhiteElo "2500"]
[BlackElo "2371"]
[PlyCount "63"]
[EventDate "2021.??.??"]
[EventType "blitz"]

1. e4 e5 2. Nf3 d5 3. exd5 e4 4. Qe2 f5 5. d3 Nf6 6. Nc3 Bb4 7. Bd2 O-O 8. dxe4
Bxc3 9. Bxc3 Nxe4 10. Qc4 b5 11. Qd3 Re8 12. Be2 b4 13. Bxb4 Ba6 14. c4 c5 15.
Bc3 Nd7 16. O-O Nd6 17. b3 Ne4 18. Rfe1 Qc7 19. Bb2 g6 20. Bf1 Ndf6 21. Rad1
Qd6 22. h3 Rad8 23. Nd2 Qf4 24. Nxe4 Nxe4 25. f3 Nd6 26. Qc3 Qh6 27. Qh8+ Kf7
28. Qf6+ Kg8 29. Rxe8+ Rxe8 30. Qxd6 Qe3+ 31. Kh1 Qf2 32. Qf6 {Normal} 1-0

[Event "Rated Blitz game"]
[Site "?"]
[Date "2021.06.08"]
[Round "?"]
[White "garri1976"]
[Black "blackwolfrun"]
[Result "1-0"]
[WhiteElo "2502"]
[BlackElo "2342"]
[PlyCount "37"]
[EventDate "2021.??.??"]
[EventType "blitz"]

1. e4 e5 2. Nf3 d5 3. exd5 e4 4. Qe2 Nf6 5. Nc3 Be7 6. Nxe4 Nxd5 7. d3 O-O 8.
Bd2 f5 9. Nc3 Nxc3 10. Bxc3 Re8 11. Ne5 Bf6 12. f4 Nc6 13. O-O-O Qd5 14. Kb1
Nxe5 15. fxe5 Bxe5 16. d4 Be6 17. Qxe5 Qxa2+ 18. Kc1 Rad8 19. Qa5 {Normal} 1-0

[Event "Rated Blitz game"]
[Site "?"]
[Date "2021.06.08"]
[Round "?"]
[White "Pericuri"]
[Black "KinzyabulatovRenat"]
[Result "1-0"]
[WhiteElo "2412"]
[BlackElo "2332"]
[PlyCount "57"]
[EventDate "2021.??.??"]
[EventType "blitz"]

1. e4 e5 2. Nf3 d5 3. exd5 e4 4. Qe2 Nf6 5. d3 Qxd5 6. Nbd2 Nc6 7. Nxe4 Be6 8.
Nxf6+ gxf6 9. Be3 O-O-O 10. c4 Qh5 11. O-O-O Qa5 12. Kb1 Nb4 13. a3 Nxd3 14.
Rxd3 Bf5 15. Ne1 Bxa3 16. Kc1 Bxd3 17. Nxd3 Bd6 18. Kb1 Rhe8 19. c5 Be5 20. Qc2
a6 21. Nxe5 fxe5 22. Be2 Kb8 23. Rc1 Qb4 24. c6 b5 25. Bc5 Qa5 26. Be3 f6 27.
Qc5 Qb6 28. Qxb6+ cxb6 29. c7+ {Normal} 1-0

[Event "Rated Blitz tournament zwYd6Cn9"]
[Site "?"]
[Date "2021.06.08"]
[Round "?"]
[White "TedIanMontoyo"]
[Black "Jorny_Too_Pass"]
[Result "0-1"]
[WhiteElo "2489"]
[BlackElo "2238"]
[PlyCount "176"]
[EventDate "2021.??.??"]
[EventType "blitz"]

1. e4 e5 2. Nf3 d5 3. d3 dxe4 4. dxe4 Qxd1+ 5. Kxd1 Nc6 6. c3 Bg4 7. Nbd2 O-O-O
8. Kc2 f6 9. Bb5 Bc5 10. Rf1 Nge7 11. h3 Be6 12. Bc4 Bxc4 13. Nxc4 Rd7 14. b4
Bb6 15. a4 a5 16. b5 Nd8 17. Nxb6+ cxb6 18. Be3 Kc7 19. Nd2 Ne6 20. Nc4 Nc8 21.
Rfd1 Rxd1 22. Rxd1 Rd8 23. Rxd8 Nxd8 24. g3 Nf7 25. f4 Nfd6 26. Kd3 Nxc4 27.
Kxc4 Kd6 28. h4 h5 29. Kd3 g6 30. Ke2 Kc7 31. Kd3 Nd6 32. c4 Nc8 33. c5 bxc5
34. Bxc5 b6 35. Bf8 Kd7 36. fxe5 fxe5 37. Kc3 Ke6 38. Kd3 Kf7 39. Ba3 Ke6 40.
Kc4 Na7 41. Bc1 Nc8 42. Be3 Nd6+ 43. Kd3 Nc8 44. Bf2 Kd6 45. Be3 Ke6 46. Bh6
Nd6 47. Bf8 Nc8 48. Ba3 Na7 49. Kc4 Nc8 50. Bf8 Nd6+ 51. Kd3 Nc8 52. Ba3 Nd6
53. Bc1 Nc8 54. Be3 Kd6 55. Kc4 Ke6 56. Bf2 Kd6 57. Be1 Ke6 58. Bc3 Nd6+ 59.
Kd3 Nc8 60. Bd2 Nd6 61. Be1 Nc8 62. Bd2 Nd6 63. Bc1 Nc8 64. Be3 Kd6 65. Kc4 Ke6
66. Bd2 Kd6 67. Bc3 Ke6 68. Bxa5 bxa5 69. Kc5 Kd7 70. Kd5 Nb6+ 71. Kxe5 Nxa4
72. Kf6 Nb6 73. e5 a4 74. Kf7 Nd5 75. e6+ Kd6 76. b6 Kc6 77. Kxg6 a3 78. Kxh5
a2 79. g4 a1=Q 80. g5 Qg7 81. Kg4 Nxb6 82. Kf5 Kd6 83. h5 Nc4 84. h6 Qe5+ 85.
Kg6 Qxe6+ 86. Kh5 Ne5 87. g6 Qxg6+ 88. Kh4 Qg4# {Normal} 0-1

[Event "Rated Blitz tournament xQzX19b5"]
[Site "?"]
[Date "2021.06.08"]
[Round "?"]
[White "Yonathan_Putra"]
[Black "om_gendut"]
[Result "0-1"]
[WhiteElo "2226"]
[BlackElo "2405"]
[PlyCount "48"]
[EventDate "2021.??.??"]
[EventType "blitz"]

1. Nf3 e5 2. e4 d5 3. d4 dxe4 4. Nxe5 Bd6 5. f4 exf3 6. Nxf3 Nf6 7. Bd3 O-O 8.
O-O h6 9. c3 c5 10. Be3 cxd4 11. Bxd4 Nc6 12. Be3 Re8 13. Bc1 Ng4 14. b4 Qb6+
15. Kh1 Nf2+ 16. Rxf2 Qxf2 17. Na3 Bg4 18. Qd2 Qxd2 19. Bxd2 Ne5 20. Nxe5 Bxe5
21. Nc4 Bf6 22. Rf1 Rad8 23. Bc2 Be2 24. Rf4 Bxc4 {Normal} 0-1

[Event "Rated Blitz game"]
[Site "?"]
[Date "2021.06.08"]
[Round "?"]
[White "Partisiano"]
[Black "Chesspirate_Channel"]
[Result "1-0"]
[WhiteElo "2425"]
[BlackElo "2349"]
[PlyCount "167"]
[EventDate "2021.??.??"]
[EventType "blitz"]

1. e4 e5 2. Nf3 d5 3. Nxe5 Bd6 4. d4 dxe4 5. Bc4 Nf6 6. Nxf7 Qe7 7. Nxh8 Be6 8.
Bxe6 Qxe6 9. Nc3 Nbd7 10. Bg5 O-O-O 11. Bxf6 Nxf6 12. Qe2 Rxh8 13. O-O-O Bb4
14. d5 Qe5 15. Qc4 Bxc3 16. Qxc3 Qxc3 17. bxc3 b5 18. Rd4 Kd7 19. Rhd1 Kd6 20.
h3 Rd8 21. g4 Kc5 22. g5 Nxd5 23. Rxe4 Rf8 24. Re5 c6 25. Rd2 Rf3 26. Kb2 Rxh3
27. f4 Rf3 28. Rf5 g6 29. Rf7 Nxf4 30. Rxh7 Rg3 31. Rxa7 Rxg5 32. a4 Kb6 33.
Rf7 Nd5 34. axb5 Kxb5 35. Rd4 Kc5 36. Ra7 Rg1 37. Ra5+ Kb6 38. Ra3 Kc5 39. Ra7
g5 40. Rg7 Nb6 41. Re4 Nc4+ 42. Ka2 Rg2 43. Re6 Rxc2+ 44. Kb1 Rg2 45. Rf6 Nd2+
46. Ka1 Ne4 47. Rf5+ Kc4 48. Re7 Nxc3 49. Ra7 Kb3 50. Rb7+ Kc2 51. Rb2+ Kd3 52.
Rxg2 c5 53. Rxc5 Ne4 54. Rcxg5 Nxg5 55. Rxg5 Ke4 56. Rb5 Kf4 57. Rb2 Ke4 58.
Ka2 Kd4 59. Rb3 Ke4 60. Kb2 Kd4 61. Rc3 Ke4 62. Kc2 Kd4 63. Kd2 Ke4 64. Rd3 Ke5
65. Kc3 Ke4 66. Rd4+ Ke3 67. Kc4 Kf3 68. Rd3+ Ke4 69. Kc3 Ke5 70. Rd4 Kf5 71.
Kd3 Ke5 72. Re4+ Kd5 73. Ke3 Kc5 74. Kf4 Kd5 75. Kf5 Kc5 76. Re5+ Kd4 77. Kf4
Kc4 78. Ke3 Kc3 79. Rc5+ Kb4 80. Kd4 Kb3 81. Kd3 Kb4 82. Rd5 Ka4 83. Kc3 Ka3
84. Ra5# {Normal} 1-0

[Event "Rated Blitz tournament xQzX19b5"]
[Site "?"]
[Date "2021.06.08"]
[Round "?"]
[White "YSA_kbpl"]
[Black "om_gendut"]
[Result "1-0"]
[WhiteElo "2329"]
[BlackElo "2407"]
[PlyCount "33"]
[EventDate "2021.??.??"]
[EventType "blitz"]

1. e4 e5 2. Nf3 d5 3. d4 dxe4 4. Nxe5 Bd6 5. Bc4 Bxe5 6. Qh5 Qe7 7. dxe5 g6 8.
Qg5 f6 9. exf6 Nxf6 10. Nc3 Be6 11. Bxe6 Qxe6 12. Qb5+ Qc6 13. Qb3 Nbd7 14. Bg5
O-O-O 15. O-O-O h6 16. Bf4 g5 17. Nb5 {Normal} 1-0

[Event "Rated Blitz tournament zwYd6Cn9"]
[Site "?"]
[Date "2021.06.08"]
[Round "?"]
[White "Mannysen"]
[Black "Jorny_Too_Pass"]
[Result "1-0"]
[WhiteElo "2437"]
[BlackElo "2218"]
[PlyCount "41"]
[EventDate "2021.??.??"]
[EventType "blitz"]

1. e4 e5 2. Nf3 d5 3. exd5 e4 4. Qe2 Nf6 5. d3 Be7 6. dxe4 O-O 7. Qd3 c6 8. Nc3
Bb4 9. Bd2 Re8 10. O-O-O Bxc3 11. Bxc3 Nxe4 12. Be1 Qb6 13. Qd4 cxd5 14. Qxb6
axb6 15. a3 Be6 16. Bb5 Nc6 17. Nd4 Rec8 18. f3 Nd6 19. Bf1 Ne5 20. Bg3 f6 21.
Nxe6 {Normal} 1-0

[Event "Rated Blitz game"]
[Site "?"]
[Date "2021.06.08"]
[Round "?"]
[White "Vak2019"]
[Black "blastol"]
[Result "1-0"]
[WhiteElo "2341"]
[BlackElo "2442"]
[PlyCount "65"]
[EventDate "2021.??.??"]
[EventType "blitz"]

1. e4 e5 2. Nf3 d5 3. Nxe5 Bd6 4. d4 dxe4 5. Nc4 Nf6 6. Nc3 h6 7. d5 O-O 8. Qd4
a6 9. Be2 Re8 10. Ne3 Qe7 11. O-O Be5 12. Qd1 Qd6 13. h3 Nh7 14. Nc4 Qg6 15.
Nxe5 Rxe5 16. Bg4 f5 17. Bh5 Qf6 18. Bf4 Re7 19. d6 Rd7 20. Nd5 Qf8 21. Ne7+
Rxe7 22. dxe7 Qxe7 23. Qd5+ Kh8 24. Qe5 Qxe5 25. Bxe5 c5 26. Rad1 Nc6 27. Bc3
Be6 28. Rd6 Bg8 29. Rd7 Nf6 30. Bxf6 gxf6 31. Rxb7 Nb4 32. c3 Nxa2 33. Rd1 {
Normal} 1-0

[Event "Rated Blitz game"]
[Site "?"]
[Date "2021.06.08"]
[Round "?"]
[White "Edward_Elric_Kun"]
[Black "blastol"]
[Result "0-1"]
[WhiteElo "2318"]
[BlackElo "2433"]
[PlyCount "52"]
[EventDate "2021.??.??"]
[EventType "blitz"]

1. e4 e5 2. Nf3 d5 3. Nxe5 Bd6 4. d4 dxe4 5. Bf4 Nf6 6. Nc3 O-O 7. Qd2 Nc6 8.
Nxc6 bxc6 9. Bg5 Rb8 10. Rb1 h6 11. Bh4 g5 12. Bg3 Re8 13. Bc4 Be6 14. Bxe6
Rxe6 15. h4 Bxg3 16. fxg3 e3 17. Qe2 Qxd4 18. hxg5 hxg5 19. O-O Qe5 20. Rf3 g4
21. Rf4 Rd8 22. Rbf1 Rd2 23. Qa6 e2 24. Re1 Qe3+ 25. Kh2 Rxc2 26. Qxc6 Rxc6 {
Normal} 0-1

[Event "Rated Blitz tournament E8HYzlXD"]
[Site "?"]
[Date "2021.06.08"]
[Round "?"]
[White "senis973"]
[Black "Lorian2514"]
[Result "1/2-1/2"]
[WhiteElo "2239"]
[BlackElo "2400"]
[PlyCount "99"]
[EventDate "2021.??.??"]
[EventType "blitz"]

1. e4 e5 2. Nf3 d5 3. d3 Nc6 4. exd5 Qxd5 5. Nc3 Bb4 6. Bd2 Bxc3 7. Bxc3 Nf6 8.
Be2 O-O 9. O-O Re8 10. Re1 Bf5 11. h3 Rad8 12. Qc1 h6 13. Bf1 Bxh3 14. gxh3
Qxf3 15. Bg2 Qf5 16. Qe3 Nd5 17. Qg3 Nf4 18. Bxc6 bxc6 19. Kh2 Rd6 20. Rg1 Rg6
21. Qf3 Ree6 22. Rae1 Rxg1 23. Rxg1 Kh7 24. a4 g6 25. b3 e4 26. dxe4 Rxe4 27.
Rd1 g5 28. Rd7 Re2 29. Rxc7 Re6 30. Rxa7 Kg6 31. Ra5 Qxc2 32. Re5 Qxb3 33.
Rxe6+ Qxe6 34. a5 c5 35. Bd2 Nd5 36. Qd3+ f5 37. a6 c4 38. Qxc4 Nf4 39. Bxf4
Qxc4 40. a7 Qxf4+ 41. Kg2 Qa4 42. f3 Qxa7 43. Kf1 Qd4 44. Ke2 f4 45. h4 Qe3+
46. Kd1 Qxf3+ 47. Kc2 Qg4 48. Kb2 Qxh4 49. Kc3 Qh3+ 50. Kc4 {Time forfeit}
1/2-1/2

[Event "Rated Blitz game"]
[Site "?"]
[Date "2021.06.08"]
[Round "?"]
[White "Iva_Videnova"]
[Black "KinzyabulatovRenat"]
[Result "1-0"]
[WhiteElo "2473"]
[BlackElo "2338"]
[PlyCount "147"]
[EventDate "2021.??.??"]
[EventType "blitz"]

1. e4 e5 2. Nf3 d5 3. exd5 e4 4. Qe2 Nf6 5. Nc3 Be7 6. Nxe4 Nxd5 7. Qd1 O-O 8.
Be2 c5 9. O-O Nc6 10. d4 cxd4 11. Nxd4 Ne5 12. c4 Nf6 13. Nxf6+ Bxf6 14. Be3
Qe7 15. Qc2 g6 16. Rfe1 Bd7 17. Bh6 Rfe8 18. Nf3 Qc5 19. Be3 Qc7 20. Nxe5 Bxe5
21. h3 Rac8 22. Rac1 Bf5 23. Bd3 Be6 24. b3 a6 25. Bb6 Bh2+ 26. Kh1 Qxb6 27.
Kxh2 Red8 28. Rcd1 Qc5 29. Qe2 a5 30. Be4 b6 31. f4 a4 32. Rxd8+ Rxd8 33. Rd1
Rxd1 34. Qxd1 axb3 35. axb3 Qe3 36. Qf3 Qd4 37. h4 h5 38. Kg3 Bg4 39. Qd3 Qb2
40. Bf3 Bf5 41. Qd8+ Kg7 42. Bd5 Qxb3+ 43. Kh2 Qe3 44. Qc7 Be6 45. Qe5+ Qxe5
46. fxe5 Kf8 47. Bxe6 fxe6 48. Kg3 Ke7 49. Kf4 Kf7 50. Ke4 Ke7 51. Kd4 Kd7 52.
Kc3 Kc6 53. Kb4 Kc7 54. Kb5 Kb7 55. c5 bxc5 56. Kxc5 Kc7 57. g3 Kd7 58. Kb6 Kd8
59. Kc6 Ke7 60. Kc7 Ke8 61. Kd6 Kf7 62. Kd7 g5 63. hxg5 Kg6 64. Kxe6 Kxg5 65.
Kf7 Kg4 66. e6 Kxg3 67. e7 h4 68. e8=Q h3 69. Qe4 h2 70. Qh1 Kh3 71. Kg6 Kg3
72. Kg5 Kh3 73. Kf4 Kh4 74. Qxh2# {Normal} 1-0

[Event "Rated Blitz tournament E8HYzlXD"]
[Site "?"]
[Date "2021.06.08"]
[Round "?"]
[White "Zamatuyu"]
[Black "Lorian2514"]
[Result "0-1"]
[WhiteElo "2273"]
[BlackElo "2400"]
[PlyCount "88"]
[EventDate "2021.??.??"]
[EventType "blitz"]

1. e4 e5 2. Nf3 d5 3. exd5 e4 4. Qe2 Qe7 5. Nd4 Qe5 6. Nb5 Na6 7. d4 Qxd5 8.
N1c3 Bb4 9. Bd2 Bxc3 10. Nxc3 Qxd4 11. Qxe4+ Qxe4+ 12. Nxe4 Bd7 13. Bxa6 bxa6
14. Nc5 Bc6 15. O-O O-O-O 16. Bc3 Ne7 17. Nxa6 Nd5 18. Bd4 Nf4 19. Be3 Nxg2 20.
Rfd1 Nh4 21. Nb4 Bf3 22. Rd3 Be4 23. Rd4 Nf3+ 24. Kf1 Nxd4 25. c3 c5 26. Na6
Bd3+ 27. Kg2 Bxa6 28. Bf4 Bb7+ 29. Kg3 Ne6 30. Be5 Rd3+ 31. Kh4 f6 32. Bg3 Bg2
33. Re1 g5+ 34. Kh5 Kd7 35. Kh6 Bf3 36. a4 Rd5 37. c4 Rf5 38. Rxe6 Kxe6 39. Kg7
Re8 40. Kxh7 Re7+ 41. Kg6 g4 42. Bh4 Be4 43. Kh6 Re5 44. Bxf6 Rh7# {Normal} 0-1

[Event "Rated Blitz game"]
[Site "?"]
[Date "2021.06.08"]
[Round "?"]
[White "cingck"]
[Black "Razario90"]
[Result "1-0"]
[WhiteElo "2347"]
[BlackElo "2433"]
[PlyCount "21"]
[EventDate "2021.??.??"]
[EventType "blitz"]

1. e4 e5 2. Nf3 d5 3. Nxe5 dxe4 4. d4 exd3 5. Bxd3 Bd6 6. Nc4 Nf6 7. Nxd6+ Qxd6
8. O-O O-O 9. h3 Rd8 10. Nc3 Bf5 11. Bxf5 {Normal} 1-0

[Event "Rated Blitz game"]
[Site "?"]
[Date "2021.06.08"]
[Round "?"]
[White "angelmarqz"]
[Black "blastol"]
[Result "1/2-1/2"]
[WhiteElo "2523"]
[BlackElo "2433"]
[PlyCount "44"]
[EventDate "2021.??.??"]
[EventType "blitz"]

1. e4 e5 2. Nf3 d5 3. exd5 Bd6 4. Nc3 Nf6 5. Bb5+ c6 6. dxc6 bxc6 7. Bd3 e4 8.
Nxe4 Nxe4 9. Bxe4 O-O 10. O-O Re8 11. Re1 h6 12. h3 f5 13. Bd3 Rf8 14. Bc4+ Kh8
15. d4 f4 16. Bd3 Nd7 17. c3 Rf6 18. Ne5 f3 19. Ng6+ Kh7 20. Ne5+ Kh8 21. Ng6+
Kh7 22. Ne5+ Kh8 {Normal} 1/2-1/2

[Event "Rated Blitz tournament E8HYzlXD"]
[Site "?"]
[Date "2021.06.08"]
[Round "?"]
[White "ayanikita"]
[Black "Aliniyazzzz"]
[Result "1-0"]
[WhiteElo "2414"]
[BlackElo "2259"]
[PlyCount "81"]
[EventDate "2021.??.??"]
[EventType "blitz"]

1. e4 e5 2. Nf3 d5 3. Nxe5 Bd6 4. d4 dxe4 5. Nc4 Nf6 6. Nc3 O-O 7. Bg5 Bf5 8.
Qd2 h6 9. Bh4 Nbd7 10. O-O-O a6 11. Rg1 b5 12. Ne3 Bg6 13. g4 Bb4 14. g5 hxg5
15. Bxg5 Qc8 16. Bh3 Qb7 17. Bf5 Bxf5 18. Nxf5 Nd5 19. Bh6 g6 20. Bxf8 Nxf8 21.
Qh6 Ne6 22. Nxd5 Qxd5 23. Rxg6+ fxg6 24. Qxg6+ Kf8 25. Qf6+ Ke8 26. Rg1 Bf8 27.
Rg7 Qd7 28. Rxd7 Kxd7 29. Qf7+ Kc6 30. Qxe6+ Kb7 31. Qd5+ c6 32. Qxe4 Bb4 33.
Qe6 Kb6 34. Qd7 Rf8 35. Nd6 Bxd6 36. Qxd6 Rxf2 37. Qc5+ Kc7 38. c3 Rf1+ 39. Kc2
Rf2+ 40. Kb3 Rxh2 41. Qe5+ {Normal} 1-0

[Event "Rated Blitz game"]
[Site "?"]
[Date "2021.06.08"]
[Round "?"]
[White "matador1104"]
[Black "Chesspirate_Channel"]
[Result "0-1"]
[WhiteElo "2461"]
[BlackElo "2358"]
[PlyCount "60"]
[EventDate "2021.??.??"]
[EventType "blitz"]

1. e4 e5 2. Nf3 d5 3. exd5 e4 4. Nd4 Nf6 5. c4 c6 6. Nc3 Be7 7. d3 cxd5 8. cxd5
Nxd5 9. dxe4 Nxc3 10. bxc3 O-O 11. Bd3 Bf6 12. Be3 Qa5 13. Qd2 Nc6 14. Rc1 Rd8
15. O-O Nxd4 16. cxd4 Qxd2 17. Bxd2 Rxd4 18. Rc3 Rd8 19. Ra3 Be7 20. Rb3 Be6
21. Rxb7 Rxd3 22. Rxe7 Rxd2 23. a4 a5 24. Rb1 g5 25. h3 Rc8 26. Rbb7 Rcc2 27.
Rb8+ Kg7 28. Rbb7 Kf6 29. e5+ Kxe5 30. Rb5+ Kf6 {Normal} 0-1

[Event "Rated Blitz game"]
[Site "?"]
[Date "2021.06.08"]
[Round "?"]
[White "Carlseng"]
[Black "oALJHUNzKi"]
[Result "1-0"]
[WhiteElo "2402"]
[BlackElo "2266"]
[PlyCount "83"]
[EventDate "2021.??.??"]
[EventType "blitz"]

1. e4 e5 2. Nf3 d5 3. exd5 e4 4. Qe2 Nf6 5. d3 Qxd5 6. dxe4 Qxe4 7. Nc3 Bb4 8.
Bd2 Qxe2+ 9. Bxe2 Bf5 10. O-O-O Nc6 11. Nb5 O-O-O 12. Nxa7+ Nxa7 13. Bxb4 Ne4
14. Bd3 Rxd3 15. Rxd3 Nxf2 16. Ra3 Nxh1 17. Rxa7 Kb8 18. Ra5 Be6 19. Be1 Rd8
20. Re5 Bg4 21. Bh4 f6 22. Re1 g5 23. Rxh1 Bxf3 24. Bxg5 Bxg2 25. Bxf6 Rf8 26.
Rg1 Be4 27. Bh4 Bg6 28. Bg3 Kc8 29. Re1 Kd7 30. Re3 c6 31. b3 Rf1+ 32. Kb2 b5
33. a4 bxa4 34. bxa4 c5 35. a5 Kc6 36. a6 Rf7 37. Bb8 Rf2 38. Rc3 Be4 39. a7
Kb7 40. Rxc5 h5 41. Rxh5 Rxc2+ 42. Kb3 {Time forfeit} 1-0

[Event "Rated Blitz game"]
[Site "?"]
[Date "2021.06.08"]
[Round "?"]
[White "Chisopa1"]
[Black "jflup"]
[Result "1-0"]
[WhiteElo "2437"]
[BlackElo "2467"]
[PlyCount "101"]
[EventDate "2021.??.??"]
[EventType "blitz"]

1. e4 e5 2. Nf3 d5 3. exd5 e4 4. Qe2 Nf6 5. d3 Qxd5 6. dxe4 Qxe4 7. Nc3 Bb4 8.
Bd2 Qxe2+ 9. Bxe2 c6 10. O-O-O O-O 11. Rhe1 Bg4 12. h3 Bxf3 13. Bxf3 Nbd7 14.
a3 Ba5 15. Ne4 Bxd2+ 16. Rxd2 Rfe8 17. Nxf6+ Nxf6 18. Red1 g6 19. g4 h6 20. h4
g5 21. a4 Kg7 22. hxg5 hxg5 23. a5 Re5 24. a6 Ra5 25. Kb1 Rxa6 26. Re1 Ra4 27.
Re7 Rf4 28. Bd1 Rb8 29. f3 a5 30. c3 Nd5 31. Rd7 b5 32. Bb3 Ne3 33. Rc7 a4 34.
Be6 Rf6 35. Rdd7 Rxe6 36. Rxf7+ Kg6 37. Rg7+ Kf6 38. Rcf7+ Ke5 39. Rxg5+ Kd6
40. f4 Nc4 41. f5 Re1+ 42. Kc2 Re2+ 43. Kd1 Rbe8 44. Rg6+ Kc5 45. Re6 R8xe6 46.
fxe6 Rxe6 47. Rf5+ Kb6 48. g5 Rd6+ 49. Ke2 Re6+ 50. Kf3 Re5 51. Rf6 {Time
forfeit} 1-0

[Event "Rated Blitz game"]
[Site "?"]
[Date "2021.06.08"]
[Round "?"]
[White "IvanDriz"]
[Black "magos33"]
[Result "1-0"]
[WhiteElo "2347"]
[BlackElo "2406"]
[PlyCount "123"]
[EventDate "2021.??.??"]
[EventType "blitz"]

1. e4 e5 2. Nf3 d5 3. Nxe5 Bd6 4. d4 dxe4 5. Bc4 Bxe5 6. dxe5 Qxd1+ 7. Kxd1 Nc6
8. Bf4 Nge7 9. Nc3 Bf5 10. Re1 O-O-O+ 11. Kc1 Ng6 12. g3 Ncxe5 13. Be2 Nxf4 14.
gxf4 Ng6 15. Bc4 Rhf8 16. Nxe4 Nxf4 17. Ng5 f6 18. Nf3 Rfe8 19. Rxe8 Rxe8 20.
Kd2 Bg4 21. Nd4 a6 22. a4 c5 23. Nb3 Re5 24. Rg1 Be6 25. Kc3 g5 26. Rd1 Kc7 27.
Bxe6 Nxe6 28. Kc4 b6 29. Rd2 h5 30. Nc1 Kc6 31. Ne2 b5+ 32. axb5+ axb5+ 33. Kc3
b4+ 34. Kc4 Re4+ 35. Kd3 Rh4 36. Ke3 Rh3+ 37. Ke4 Rxh2 38. Ng3 Nd4 39. c3 Rh4+
40. Ke3 bxc3 41. bxc3 Ne6 42. Nf5 Rf4 43. Ne7+ Kb5 44. Nd5 Rh4 45. Nxf6 Nf4 46.
Ne4 Kc4 47. f3 Nd5+ 48. Kf2 Rh2+ 49. Ke1 Rxd2 50. Kxd2 Nxc3 51. Nxc3 h4 52. Ne4
h3 53. Ng3 h2 54. Nh1 Kd4 55. Ke2 c4 56. f4 c3 57. fxg5 c2 58. Kd2 Ke5 59. g6
Kf5 60. g7 Kg4 61. g8=Q+ Kf3 62. Qh8 {Time forfeit} 1-0

[Event "Rated Blitz game"]
[Site "?"]
[Date "2021.06.08"]
[Round "?"]
[White "Tuzibaba"]
[Black "annaly1979"]
[Result "0-1"]
[WhiteElo "2566"]
[BlackElo "2491"]
[PlyCount "40"]
[EventDate "2021.??.??"]
[EventType "blitz"]

1. e4 e5 2. Nf3 d5 3. exd5 e4 4. Qe2 f5 5. d3 Nf6 6. Bg5 Be7 7. Bxf6 Bxf6 8.
Nc3 O-O 9. dxe4 fxe4 10. Nxe4 Bxb2 11. Rd1 Bf5 12. Rd3 Bxe4 13. Qxe4 Re8 14.
Qxe8+ Qxe8+ 15. Be2 Nd7 16. Re3 Qg6 17. O-O Rf8 18. Nd2 Bd4 19. Rg3 Qxc2 20.
Rd1 Bxf2+ {Normal} 0-1